2002 FIFA World Cup Host Cities and Stadiums - Statistics

General Stats
  • This quiz has been taken 42 times
    8 since last reset
  • The average score is 31 of 40
Answer Stats
Picture Hint Answer % Correct
South Korea Busan
100%
South Korea Seoul
100%
Japan Yokohama
100%
3 games | Capacity: 55.982 Busan-asiadeujugyeong-gijang
75%
South Korea Daegu
75%
4 games | Capacity: 68.014 Daegu-woldeukeobgyeong-gijang
75%
South Korea Daejeon
75%
3 games | Capacity: 40.407 Daejeon-woldeukeobgyeong-gijang
75%
South Korea Gwangju
75%
3 games | Capacity: 42.880 Gwangju-woldeukeobgyeong-gijang
75%
South Korea Incheon
75%
3 games | Capacity: 52.179 Incheon-woldeukeobgyeong-gijang
75%
3 games | Capacity: 42.256 Jeju-woldeukeobgyeong-gijang
75%
South Korea Jeonju
75%
3 games | Capacity: 42.391 Jeonju-woldeukeobgyeong-gijang
75%
3 games | Capacity: 42.000 Kashima sakkā sutajiamu
75%
Japan Kashima-shi
75%
Japan Kobe-shi
75%
3 games | Capacity: 42.000 Kōbe uingu sutajiamu
75%
Japan Miyagi-ken
75%
3 games | Capacity: 49.000 Miyagi sutajiamu
75%
Japan Nīgata-shi
75%
3 games | Capacity: 42.300 Nīgata sutajiamu
75%
Japan Ōita-shi
75%
3 games | Capacity: 43.000 Ōita sutajiamu
75%
Japan Ōsaka-shi
75%
3 games | Capacity: 50.000 Ōsaka-shi nagai rikujō kyōgijō
75%
Japan Sahhoro-shi
75%
Japan Saitama-shi
75%
3 games | Capacity: 42.000 Sapporo dōmu
75%
South Korea Seogwipo
75%
3 games | Capacity: 63.961 Seoul-woldeukeobgyeong-gijang
75%
Japan Shizuoka-ken
75%
3 games | Capacity: 50.600 Shizuoka sutajiamu ekopa
75%
South Korea Suwon
75%
4 games | Capacity: 43.188 Suwon-woldeukeobgyeong-gijang
75%
South Korea Ulsan
75%
3 games | Capacity: 43.550 Ulsanmunsu-chuggugyeong-gijang
75%
4 games | Capacity: 72.327 Yokohama kokusai sōgō kyōgijō
75%
4 games | Capacity: 63.000 Saitama sutajiamu 2002
50%
No matching quizzes found
Score Distribution
Percent of People with Each Score
Percentile by Number Answered
Your Score History
You have not taken this quiz since the last reset